000 00725nam a2200205 a 4500
001 000042874
005 20201002040450.0
008 140211s1997 sp 000 0 spa d
020 _a8420644064
040 _aDO-SdBNP
_bspa
_cBNPHU
082 _axxxxx
_bxxxxx
100 1 _aCarmena, Manuela
_970290
245 1 0 _aCrónica de un desorden :
_bnotas para reinventar la justicia /
_cManuela Carmena ; prólogo Bonifacio de la Cuadra.
260 _aMadrid, :
_bAlianza editorial,
_c1997.
300 _a238 p. ;
_c22 cm.
490 1 _aAlianza actualidad
504 _aIncluye referencias bibliográficas y notas al pie de las páginas
700 1 _aCuadra, Bonifacio de la,
_epról.
_970291
830 0 _aAlianza actualidad
_970292
999 _c42363
_d42363